Catálogo
 En Linea
Vista normal Vista MARC

Entrada Nombre de reunión

Número de registros utilizados en: 1

001 - NÚMERO DE CONTROL

  • campo de control: 64368

003 - IDENTIFICADOR DEL NÚMERO DE CONTROL

  • campo de control: OSt

005 - FECHA Y HORA DE LA ÚLTIMA TRANSACCIÓN

  • campo de control: 20200615035445.0

008 - DATOS DE LONGITUD FIJA

  • campo de control de longitud fija: 200615|| aca||aabn | a|a d

040 ## - FUENTE DE LA CATALOGACIÓN

  • Centro catalogador/agencia de origen: OSt
  • Centro/agencia transcriptor: OSt

111 ## - ENCABEZAMIENTO--NOMBRE DE CONGRESO/REUNIÓN

  • Nombre de congreso/reunión o jurisdicción como elemento de entrada: Cofefencia internacional aprendiendo de las experiencias internacionales
  • Fecha del congreso/reunión: (2007 : marzo 28-29
  • Sede del congreso/Lugar de la reunión: Santo Domingo)

670 ## - FUENTE DE DATOS ENCONTRADOS

  • Cita de la fuente: Work cat.: (OSt)37447: Cofefencia internacional aprendiendo de las experiencias internacionales (2007 : marzo 28-29 Santo Domingo), Propuesta de creación de un órgano rector de la ley del acceso a la información pública en la en la República Dominicana., 2007.

Con tecnología Koha